Methods of social and research (Record no. 4022)

MARC details
000 -LEADER
fixed length control field 00491cam a2200193ua 4500
008 - FIXED-LENGTH DATA ELEMENTS--GENERAL INFORMATION
fixed length control field 111220n ii |||gr||||Z||||||eng
040 ## - CATALOGING SOURCE
Transcribing agency MAIN
082 ## - DEWEY DECIMAL CLASSIFICATION NUMBER
Classification number 301.072
100 1# - MAIN ENTRY--PERSONAL NAME
Personal name Bajpai, S. R.,
245 11 - TITLE STATEMENT
Title Methods of social and research
Statement of responsibility, etc. by S. R. Bajpai
250 ## - EDITION STATEMENT
Edition statement 4th.
260 ## - PUBLICATION, DISTRIBUTION, ETC.
Place of publication, distribution, etc. Kanpur:
Name of publisher, distributor, etc. Kitab ghar,969.
300 ## - PHYSICAL DESCRIPTION
Extent 512p:
Dimensions 23cm.
942 ## - ADDED ENTRY ELEMENTS (KOHA)
Koha item type Books
653 ## - INDEX TERM--UNCONTROLLED
Uncontrolled term Methods of social and research
653 ## - INDEX TERM--UNCONTROLLED
Uncontrolled term Methods of social and research
653 ## - INDEX TERM--UNCONTROLLED
Uncontrolled term Sociology
Holdings
Withdrawn status Lost status Damaged status Not for loan Home library Current library Shelving location Date acquired Total Checkouts Full call number Barcode Date last seen Copy number Price effective from Koha item type
        Central Library, Naharkatiya College Central Library, Naharkatiya College General Stacks 19/09/2020   301.072 | BAJ 15041 19/09/2020 1 19/09/2020 Books

Naharkatiya College © 2020. All rights reserved.

Powered By